000
00255nam a2200109Ia 4500
008
231212s1980 xx 000 0 und d
041
_a
eng
082
_a
620.1
100
_a
Stanton R.G.
245
_a
Numerical Method For
260
_a
U.S.A.
_b
C.B.S.
_c
1980
999
_c
959068
_d
959068